Responses for show #5110 - Friday, November 24, 2006

Jeff Spoeri game 5.

Contestants

Teresa Cahalan, a policy analyst from Washington, D.C.

Jacob Cytryn, a Jewish studies teacher from New York, New York

Jeff Spoeri, a university administrator from Boynton Beach, Florida (whose 4-day cash winnings total $77,302)

Jeopardy! Round responses

PRE-CIVIL WAR AMERICA
10 MILLION ALBUMS!
HIGHWAYS & BYWAYS
OSCAR WINNERS' RHYME TIME
DEDICATED TO…
THE ONE I LOVE
    $200 11
Thanksgiving

Jeff
    $200 6
Pink Floyd

Jeff
    $200 1
Broadway

Teresa
    $200 22
Clint's hints

Jeff
    $200 21
Moby-Dick

jacob
    $200 16
the Taj Mahal

Jeff
    $400 12
Mardi Gras

Jeff
    $400 7
Nirvana

Jeff
    $1,000 2
(Alex: Good news for you, Teresa, because you deal with this clue all by yourself, but the bad news is we found it way too early. You can risk up to $1000, however.)

the Champs-Élysées

Teresa
    $400 23
Reese's pieces

jacob
    $400 27
C.S. Lewis

jacob
    $400 17
Prince Albert

Teresa
    $600 13
(Jeff: What is [*] at my alma mater, William & Mary?)

Phi Beta Kappa

Jeff
    $600 8
Fleetwood Mac

Jeff
    $600 3
(Alex: On [*], that great street. You got it.)

State Street

Jeff
    $600 24
Jack's slacks

Jeff
    $600 28
The Grapes of Wrath

Teresa
    $600 18
Laurence Olivier

Teresa
    $800 14
William Henry Harrison

Jeff
    $800 9
Cracked Rear View

Triple Stumper
    $800 4
the Freedom Trail

Teresa
    $800 25
Swank's banks

Jeff
    $800 29
(Teresa: Who is Daniel Defoe?)

Henry Fielding

Teresa
Triple Stumper
    $800 19
Paul McCartney

Teresa
    $1000 15
Connecticut

Jeff
    $1000 10
Garth Brooks

Triple Stumper
    $1000 5
(Jeff: What is Fleet Street?)
...
(Alex: Fleet Street is for newspapers; [*] is the Bank of England.)

Threadneedle Street

Jeff
Triple Stumper
    $1000 26
Martin's cartons

Jeff
    $1000 30
The Tin Drum

Teresa
    $1000 20
(Alex: Yes. Well done!)

John Maynard Keynes

Teresa

Scores at the first commercial break (after clue 15):

Jeff jacob Teresa
$3,800 $0 $2,000

Scores at the end of the Jeopardy! Round:

Jeff jacob Teresa
$6,600 $1,000 $5,600

Double Jeopardy! Round responses

GEOLOGY
BASEBALL MOVIE HAIKU
"M"USIC
NAME THE JAMES
A CAPITAL IDEA
BEFORE & AFTER
    $400 30
gold

Jeff
    $400 11
Field of Dreams

Jeff
    $400 6
the mouth organ (or mouth harp)

Teresa
    $400 16
(Jeff: Who is Henry James?)

James Boswell

Jeff
Triple Stumper
    $400 1
Beirut

Teresa
    $400 21
Minnie Pearl Jam

Teresa
    $800 29
(Theresa: What is lava?)

magma

JeffTeresa
    $800 12
A League of Their Own

jacob
    $800 7
movements

Jeff
    $800 17
Naismith

jacob
    $800 2
Ottawa

Jeff
    $3,000 22
(Alex: Anything?)
(Theresa: I'm blanking.)
(Alex: Oh, that's too bad. One of the landmarks of the City of Toronto is the CN Tower, so this would be [*].)

the CN Tower of London

Teresa
    $1200 28
billion years old

jacob
    $1200 13
Eight Men Out

Jeff
    $1200 8
a minuet

Jeff
    $2,800 18
(Alex: [*], in his Doctrine.)

(James) Monroe

jacob
    $1200 3
Jakarta

Jeff
    $1200 25
John Irving Berlin

jacob
    $1600 27
a glacier

Triple Stumper
    $1600 14
The Bad News Bears

Jeff
    $1600 9
a minstrel

jacob
    $1600 19
James Beard

Teresa
    $1600 4
Addis Ababa

Jeff
    $1600 23
"I'm Just A Bill" Frist

Jeff
    $2000 26
(Jeff: What are cliffs?)

strata

Jeff
Triple Stumper
    $2000 15
The Natural

Jeff
    $2000 10
(Alex: [*], si.)

molto

Jeff
    $2000 20
(James) Baker

jacob
    $2000 5
Mozambique

Triple Stumper
    $2000 24
a la carte blanche

jacob

Scores at the end of the Double Jeopardy! Round:

Jeff jacob Teresa
$19,800 $13,400 $4,600

[wagering suggestions for these scores]

Final Jeopardy! Round responses

WORD ORIGINS
TeresaWhat is to engrave?
$4,600
jacobWhat is stereotype?
$4,008
JeffWhat is stereotype?
$7,001
stereotype

Final scores:

Jeff jacob Teresa
$26,801 $17,408 $0
5-day champion: $104,103 2nd place: $2,000 3rd place: $1,000

Game dynamics:

Coryat scores:

Jeff jacob Teresa
$19,800 $11,800 $7,000
27 R,
3 W
11 R
(including 1 DD),
0 W
13 R
(including 1 DD),
3 W
(including 1 DD)

Combined Coryat: $38,600

The J! Archive is created by fans, for fans. The Jeopardy! game show and all elements thereof, including but not limited to copyright and trademark thereto, are the property of Jeopardy Productions, Inc. and are protected under law. This website is not affiliated with, sponsored by, or operated by Jeopardy Productions, Inc. Join the discussion at JBoard.tv.